[Event "WYCC Girls U18"]
[Site "Porto Carras"]
[Date "2015.10.29"]
[Round "5.8"]
[White "Trippold, Denise"]
[Black "Wozniak, Mariola"]
[Result "0-1"]
[BlackElo "2211"]
[WhiteElo "1982"]
[LiveChessVersion "1.4.6"]

1. d4 {[%clk 1:30:58]} Nf6 {[%clk 1:30:56]} 2. c4 {[%clk 1:31:19]} e6
{[%clk 1:31:23]} 3. Nf3 {[%clk 1:31:37]} Bb4+ {[%clk 1:31:47]} 4. Bd2
{[%clk 1:31:44]} Qe7 {[%clk 1:32:11]} 5. g3 {[%clk 1:30:50]} Nc6 {[%clk 1:32:17]}
6. Nc3 {[%clk 1:30:23]} Bxc3 {[%clk 1:30:40]} 7. Bxc3 {[%clk 1:29:44]} Ne4
{[%clk 1:30:17]} 8. Qc2 {[%clk 1:24:57]} Nxc3 {[%clk 1:29:22]} 9. Qxc3
{[%clk 1:25:18]} O-O {[%clk 1:29:18]} 10. Bg2 {[%clk 1:24:44]} d6
{[%clk 1:29:07]} 11. O-O {[%clk 1:17:07]} e5 {[%clk 1:28:47]} 12. e3
{[%clk 1:02:16]} Bg4 {[%clk 1:20:12]} 13. h3 {[%clk 0:53:24]} Bh5
{[%clk 1:16:33]} 14. Rac1 {[%clk 0:37:13]} Rad8 {[%clk 1:13:35]} 15. d5
{[%clk 0:31:57]} Nb8 {[%clk 1:13:23]} 16. Qa5 {[%clk 0:30:35]} a6
{[%clk 1:02:53]} 17. Nd2 {[%clk 0:30:00]} b6 {[%clk 1:02:14]} 18. Qc3
{[%clk 0:29:38]} Nd7 {[%clk 0:55:51]} 19. b4 {[%clk 0:29:20]} f5 {[%clk 0:49:54]}
20. f4 {[%clk 0:24:20]} Rde8 {[%clk 0:45:04]} 21. Bf3 {[%clk 0:14:58]} Bf7
{[%clk 0:42:27]} 22. Kf2 {[%clk 0:14:32]} h6 {[%clk 0:40:53]} 23. h4
{[%clk 0:13:32]} Nf6 {[%clk 0:40:15]} 24. Rfd1 {[%clk 0:12:51]} Bh5
{[%clk 0:39:56]} 25. Bxh5 {[%clk 0:08:11]} Nxh5 {[%clk 0:40:12]} 26. Re1
{[%clk 0:07:37]} Rf6 {[%clk 0:39:11]} 27. Qd3 {[%clk 0:07:26]} Nxg3
{[%clk 0:38:06]} 28. Rg1 {[%clk 0:04:12]} exf4 {[%clk 0:31:18]} 29. exf4
{[%clk 0:04:40]} Ne4+ {[%clk 0:31:43]} 30. Nxe4 {[%clk 0:04:35]} fxe4
{[%clk 0:32:09]} 31. Qg3 {[%clk 0:03:06]} Ref8 {[%clk 0:31:16]} 32. Ke2
{[%clk 0:02:00]} Rxf4 {[%clk 0:31:03]} 33. Rg2 {[%clk 0:01:09]} Qe5
{[%clk 0:31:01]} 34. Rcg1 {[%clk 0:00:41]} Qb2+ {[%clk 0:26:13]} 35. Ke1
{[%clk 0:00:58]} Qc1+ {[%clk 0:26:38]} 36. Ke2 {[%clk 0:01:15]} Qxc4+
{[%clk 0:27:01]} 0-1

[Event "WYCC Girls U18"]
[Site "Porto Carras"]
[Date "2015.10.29"]
[Round "5.9"]
[White "Amrayeva, Aytan"]
[Black "Terbe, Zsuzsanna"]
[Result "1/2-1/2"]
[BlackElo "2160"]
[WhiteElo "2193"]
[LiveChessVersion "1.4.6"]

1. e4 {[%clk 1:30:57]} c5 {[%clk 1:29:24]} 2. Nc3 {[%clk 1:31:17]} Nc6
{[%clk 1:29:07]} 3. g3 {[%clk 1:31:42]} g6 {[%clk 1:28:37]} 4. Bg2
{[%clk 1:32:05]} Bg7 {[%clk 1:29:01]} 5. Nge2 {[%clk 1:32:21]} d6
{[%clk 1:26:51]} 6. O-O {[%clk 1:28:27]} e6 {[%clk 1:22:05]} 7. d3
{[%clk 1:27:44]} Nge7 {[%clk 1:22:21]} 8. Be3 {[%clk 1:27:17]} O-O
{[%clk 1:22:12]} 9. Qd2 {[%clk 1:24:40]} Rb8 {[%clk 1:14:01]} 10. Bh6
{[%clk 1:23:23]} b5 {[%clk 1:12:13]} 11. Bxg7 {[%clk 1:23:23]} Kxg7
{[%clk 1:12:31]} 12. d4 {[%clk 1:22:31]} b4 {[%clk 1:06:28]} 13. Na4
{[%clk 1:15:50]} Qa5 {[%clk 1:05:10]} 14. b3 {[%clk 1:15:11]} Ba6
{[%clk 0:56:49]} 15. dxc5 {[%clk 1:13:33]} dxc5 {[%clk 0:56:57]} 16. Rfd1
{[%clk 1:11:54]} e5 {[%clk 0:53:36]} 17. f4 {[%clk 0:52:12]} f6 {[%clk 0:46:29]}
18. Bf1 {[%clk 0:49:01]} Nd4 {[%clk 0:40:39]} 19. Nxd4 {[%clk 0:48:34]} cxd4
{[%clk 0:40:46]} 20. fxe5 {[%clk 0:48:19]} fxe5 {[%clk 0:39:44]} 21. Nb2
{[%clk 0:33:00]} Nc6 {[%clk 0:29:43]} 22. Bd3 {[%clk 0:31:28]} Bc8
{[%clk 0:25:28]} 23. a3 {[%clk 0:27:29]} Be6 {[%clk 0:23:43]} 24. axb4
{[%clk 0:27:21]} Qxb4 {[%clk 0:24:04]} 25. Qxb4 {[%clk 0:27:25]} Rxb4
{[%clk 0:24:26]} 26. Bc4 {[%clk 0:25:17]} Bxc4 {[%clk 0:20:29]} 27. Nxc4
{[%clk 0:25:41]} Rb7 {[%clk 0:20:26]} 28. Rd2 {[%clk 0:24:57]} Re7
{[%clk 0:19:19]} 29. Kg2 {[%clk 0:23:53]} Rf6 {[%clk 0:17:45]} 1/2-1/2

[Event "WYCC Girls U18"]
[Site "Porto Carras"]
[Date "2015.10.29"]
[Round "5.10"]
[White "Gholami Orimi, Anahita"]
[Black "Heinemann, Josefine"]
[Result "1-0"]
[BlackElo "2253"]
[WhiteElo "2058"]
[LiveChessVersion "1.4.6"]

1. d4 {[%clk 1:30:55]} d5 {[%clk 1:30:53]} 2. c4 {[%clk 1:31:16]} e5
{[%clk 1:31:01]} 3. dxe5 {[%clk 1:30:54]} d4 {[%clk 1:31:25]} 4. a3
{[%clk 1:30:18]} Nc6 {[%clk 1:30:03]} 5. Nf3 {[%clk 1:27:33]} Nge7
{[%clk 1:29:31]} 6. e3 {[%clk 1:20:35]} dxe3 {[%clk 1:20:09]} 7. Qxd8+
{[%clk 1:19:20]} Kxd8 {[%clk 1:18:02]} 8. Bxe3 {[%clk 1:19:30]} Nf5
{[%clk 1:17:19]} 9. Bg5+ {[%clk 1:17:58]} Ke8 {[%clk 1:15:06]} 10. Nc3
{[%clk 1:12:39]} Be6 {[%clk 1:14:13]} 11. Nd5 {[%clk 1:08:46]} Rc8
{[%clk 1:12:42]} 12. Bd3 {[%clk 1:05:49]} h6 {[%clk 1:10:49]} 13. Bd2
{[%clk 1:05:01]} g5 {[%clk 1:08:24]} 14. Nf6+ {[%clk 0:57:24]} Ke7
{[%clk 1:08:37]} 15. Bc3 {[%clk 0:57:14]} Bg7 {[%clk 0:59:35]} 16. g4
{[%clk 0:51:32]} Nh4 {[%clk 0:58:20]} 17. Nxh4 {[%clk 0:51:54]} gxh4
{[%clk 0:58:44]} 18. f4 {[%clk 0:51:21]} Rhd8 {[%clk 0:54:41]} 19. O-O-O
{[%clk 0:48:51]} Bxf6 {[%clk 0:49:40]} 20. exf6+ {[%clk 0:49:18]} Kf8
{[%clk 0:50:02]} 21. f5 {[%clk 0:46:15]} Bd7 {[%clk 0:50:16]} 22. g5
{[%clk 0:43:12]} hxg5 {[%clk 0:49:20]} 23. Rhg1 {[%clk 0:42:12]} Nb8
{[%clk 0:49:13]} 24. Rxg5 {[%clk 0:40:45]} Ba4 {[%clk 0:48:52]} 25. Re1
{[%clk 0:29:59]} Rxd3 {[%clk 0:45:58]} 26. Rh5 {[%clk 0:29:51]} Kg8
{[%clk 0:46:11]} 27. Rg1+ {[%clk 0:30:04]} Kf8 {[%clk 0:46:38]} 28. Rh8#
{[%clk 0:30:16]} 1-0

[Event "WYCC Girls U18"]
[Site "Porto Carras"]
[Date "2015.10.29"]
[Round "5.11"]
[White "Terbe, Julianna"]
[Black "Virkud, Apurva"]
[Result "0-1"]
[BlackElo "2027"]
[WhiteElo "2181"]
[LiveChessVersion "1.4.6"]

1. c4 {[%clk 1:30:58]} e6 {[%clk 1:30:51]} 2. g3 {[%clk 1:31:23]} d5
{[%clk 1:31:15]} 3. Bg2 {[%clk 1:31:49]} Nf6 {[%clk 1:31:27]} 4. Nf3
{[%clk 1:32:14]} dxc4 {[%clk 1:31:06]} 5. Qa4+ {[%clk 1:32:38]} Nbd7
{[%clk 1:31:25]} 6. Qxc4 {[%clk 1:32:57]} c5 {[%clk 1:31:32]} 7. d3
{[%clk 1:32:59]} Be7 {[%clk 1:30:31]} 8. O-O {[%clk 1:32:12]} O-O 9. Nc3
{[%clk 1:31:53]} b6 {[%clk 1:26:36]} 10. Bf4 {[%clk 1:14:12]} Bb7
{[%clk 1:23:45]} 11. e4 {[%clk 1:13:38]} Nb8 {[%clk 1:06:28]} 12. Rfd1
{[%clk 1:09:27]} Nc6 {[%clk 0:55:38]} 13. d4 {[%clk 0:55:40]} cxd4
{[%clk 0:51:55]} 14. Nxd4 {[%clk 0:56:01]} Nxd4 {[%clk 0:49:23]} 15. Rxd4
{[%clk 0:55:27]} Qc8 {[%clk 0:48:44]} 16. Qb3 {[%clk 0:40:25]} Bc5
{[%clk 0:43:55]} 17. Rd2 {[%clk 0:40:07]} Rd8 {[%clk 0:37:48]} 18. Rxd8+
{[%clk 0:38:46]} Qxd8 {[%clk 0:38:14]} 19. Rd1 {[%clk 0:39:09]} Qc8
{[%clk 0:36:42]} 20. e5 {[%clk 0:32:53]} Bxf2+ {[%clk 0:31:16]} 21. Kh1
{[%clk 0:29:11]} Ng4 {[%clk 0:26:11]} 22. Ne4 {[%clk 0:26:45]} Qc6
{[%clk 0:14:24]} 23. Qf3 {[%clk 0:16:06]} Qxe4 {[%clk 0:05:44]} 24. Qxe4
{[%clk 0:16:34]} Bxe4 {[%clk 0:06:11]} 25. Bxe4 {[%clk 0:16:55]} Rc8
{[%clk 0:05:55]} 26. Rd7 {[%clk 0:12:23]} a5 {[%clk 0:04:36]} 27. Kg2
{[%clk 0:08:49]} Bc5 {[%clk 0:04:03]} 28. h3 {[%clk 0:06:47]} Ne3+
{[%clk 0:03:39]} 29. Kf3 {[%clk 0:06:06]} Nf5 30. Bb7 Rb8 {[%clk 0:03:46]} 31. g4
{[%clk 0:06:22]} Nh4+ {[%clk 0:03:56]} 32. Ke4 {[%clk 0:06:10]} Ng6
{[%clk 0:04:18]} 33. Bd2 {[%clk 0:05:41]} Nf8 {[%clk 0:04:13]} 34. Rc7
{[%clk 0:05:59]} Rd8 {[%clk 0:03:30]} 35. Bxa5 {[%clk 0:05:30]} Rd4+
{[%clk 0:03:54]} 36. Kf3 {[%clk 0:05:54]} Rd3+ {[%clk 0:04:14]} 37. Kg2
{[%clk 0:05:31]} bxa5 {[%clk 0:03:56]} 38. Rxc5 {[%clk 0:05:59]} Rd2+
{[%clk 0:04:12]} 0-1

[Event "WYCC Girls U18"]
[Site "Porto Carras"]
[Date "2015.10.29"]
[Round "5.12"]
[White "Bellaiche, Elise"]
[Black "Srija, Seshadri"]
[Result "0-1"]
[BlackElo "1911"]
[WhiteElo "2154"]
[LiveChessVersion "1.4.6"]

1. e4 {[%clk 1:30:57]} e5 {[%clk 1:30:52]} 2. Nf3 {[%clk 1:31:19]} Nc6
{[%clk 1:31:15]} 3. Bb5 {[%clk 1:31:23]} a6 {[%clk 1:31:33]} 4. Ba4
{[%clk 1:31:32]} Nf6 {[%clk 1:31:53]} 5. O-O {[%clk 1:30:54]} b5 {[%clk 1:32:13]}
6. Bb3 {[%clk 1:31:15]} Bc5 {[%clk 1:32:31]} 7. a4 {[%clk 1:30:27]} Rb8
{[%clk 1:32:50]} 8. Nxe5 {[%clk 1:29:07]} Nxe5 {[%clk 1:33:08]} 9. d4 Bxd4
{[%clk 1:33:26]} 10. Qxd4 {[%clk 1:29:58]} d6 {[%clk 1:33:46]} 11. f4
{[%clk 1:30:10]} c5 {[%clk 1:33:27]} 12. Qd1 {[%clk 1:29:02]} Nc6
{[%clk 1:32:46]} 13. axb5 {[%clk 1:28:54]} axb5 {[%clk 1:32:41]} 14. e5 dxe5
{[%clk 1:28:54]} 15. Qxd8+ {[%clk 1:28:30]} Nxd8 {[%clk 1:28:06]} 16. fxe5
{[%clk 1:28:52]} Ng4 {[%clk 1:27:31]} 17. Bd5 {[%clk 1:27:54]} Be6
{[%clk 1:22:44]} 18. Be4 {[%clk 1:25:09]} Nxe5 {[%clk 1:18:09]} 19. Bf4
{[%clk 1:20:52]} f6 {[%clk 1:18:16]} 20. Bxe5 {[%clk 1:10:39]} fxe5
{[%clk 1:18:24]} 21. Ra7 {[%clk 1:10:59]} Bf7 {[%clk 1:12:33]} 22. Bc6+
{[%clk 0:49:26]} Nxc6 {[%clk 1:11:36]} 23. Raxf7 {[%clk 0:49:48]} Rd8
{[%clk 1:05:05]} 24. Rc7 {[%clk 0:30:28]} Rf8 {[%clk 0:57:37]} 25. Re1
{[%clk 0:25:52]} Rf6 {[%clk 0:56:26]} 26. Rxg7 {[%clk 0:23:44]} Rf7
{[%clk 0:48:29]} 27. Rg8+ {[%clk 0:20:09]} Rf8 {[%clk 0:47:52]} 28. Rg4
{[%clk 0:17:49]} b4 {[%clk 0:45:43]} 29. c3 {[%clk 0:11:56]} Rd5 {[%clk 0:45:02]}
30. Rc4 {[%clk 0:08:20]} Kd7 {[%clk 0:44:18]} 31. Rce4 {[%clk 0:06:47]} Kc7
{[%clk 0:41:56]} 32. R4e2 {[%clk 0:06:00]} Rfd8 {[%clk 0:41:45]} 33. Kf2
{[%clk 0:06:02]} Rf8+ {[%clk 0:41:57]} 34. Kg1 {[%clk 0:05:14]} Rfd8
{[%clk 0:42:19]} 35. Kf2 {[%clk 0:05:34]} Kb6 {[%clk 0:41:20]} 36. h3
{[%clk 0:04:53]} Kb5 {[%clk 0:39:50]} 37. Ke3 {[%clk 0:02:39]} Rd3+
{[%clk 0:39:05]} 38. Ke4 {[%clk 0:01:43]} R3d6 {[%clk 0:37:56]} 39. Ke3
{[%clk 0:01:54]} Rd3+ {[%clk 0:36:35]} 40. Ke4 {[%clk 0:32:16]} Kb6
{[%clk 1:06:28]} 41. h4 {[%clk 0:27:55]} Rg3 {[%clk 1:05:19]} 42. Kf5
{[%clk 0:18:22]} Rf8+ {[%clk 1:03:33]} 43. Ke4 {[%clk 0:14:19]} Rf4+
{[%clk 1:01:18]} 44. Kd5 {[%clk 0:14:39]} Rxh4 {[%clk 0:59:37]} 45. Nd2
{[%clk 0:12:11]} Rd3+ {[%clk 0:56:23]} 46. Ke6 {[%clk 0:12:17]} bxc3
{[%clk 0:56:07]} 47. bxc3 {[%clk 0:11:48]} Rxc3 {[%clk 0:56:21]} 48. Re4
{[%clk 0:12:00]} Rh6+ {[%clk 0:56:24]} 49. Kf5 {[%clk 0:10:29]} Rg3
{[%clk 0:55:36]} 50. Nc4+ {[%clk 0:08:50]} Kc7 {[%clk 0:55:55]} 51. Nxe5
{[%clk 0:07:34]} Nd4+ {[%clk 0:56:16]} 52. Kf4 {[%clk 0:07:11]} Rxg2
{[%clk 0:56:35]} 53. Ng4 {[%clk 0:06:28]} Rh4 {[%clk 0:56:39]} 54. Re7+
{[%clk 0:05:38]} Kd6 {[%clk 0:57:02]} 55. Rg7 {[%clk 0:06:04]} Ne6+
{[%clk 0:56:53]} 0-1

[Event "WYCC Girls U18"]
[Site "Porto Carras"]
[Date "2015.10.31"]
[Round "6.1"]
[White "Mahalakshmi, M"]
[Black "Varshini, V"]
[Result "1-0"]
[BlackElo "2105"]
[WhiteElo "2019"]
[LiveChessVersion "1.4.6"]

1. d4 {[%clk 1:30:47]} Nf6 {[%clk 1:30:53]} 2. c4 {[%clk 1:30:58]} e6
{[%clk 1:31:17]} 3. Nf3 {[%clk 1:31:20]} b6 {[%clk 1:31:41]} 4. g3
{[%clk 1:31:44]} Bb7 {[%clk 1:32:05]} 5. Bg2 {[%clk 1:32:09]} Be7
{[%clk 1:32:30]} 6. O-O {[%clk 1:32:32]} O-O {[%clk 1:32:53]} 7. Re1
{[%clk 1:32:59]} d5 {[%clk 1:29:49]} 8. cxd5 {[%clk 1:33:01]} exd5
{[%clk 1:30:04]} 9. Nc3 {[%clk 1:32:59]} c5 {[%clk 1:27:22]} 10. dxc5
{[%clk 1:33:16]} bxc5 {[%clk 1:26:37]} 11. Qb3 {[%clk 1:33:36]} Qb6
{[%clk 1:18:20]} 12. Ne5 {[%clk 1:31:56]} Rd8 {[%clk 1:12:20]} 13. Rd1
{[%clk 1:30:50]} Nbd7 {[%clk 0:58:00]} 14. Bf4 {[%clk 1:12:19]} Nf8
{[%clk 0:47:31]} 15. Qxb6 {[%clk 1:04:14]} axb6 {[%clk 0:47:53]} 16. Nc4
{[%clk 1:04:14]} dxc4 {[%clk 0:40:15]} 17. Bxb7 {[%clk 1:04:19]} Rxd1+
{[%clk 0:30:40]} 18. Rxd1 {[%clk 1:03:03]} Ra7 {[%clk 0:31:05]} 19. Bc6
{[%clk 1:01:06]} Ne6 {[%clk 0:29:04]} 20. Bb8 {[%clk 0:58:00]} Ra5
{[%clk 0:29:09]} 21. e3 {[%clk 0:55:55]} h6 {[%clk 0:22:12]} 22. a4
{[%clk 0:45:53]} Kf8 {[%clk 0:16:07]} 23. Nb1 {[%clk 0:42:01]} Ne8
{[%clk 0:10:10]} 24. Na3 {[%clk 0:39:28]} Nd8 {[%clk 0:08:33]} 25. Bb5
{[%clk 0:35:21]} Ra8 {[%clk 0:08:27]} 26. Bf4 {[%clk 0:34:14]} g5
{[%clk 0:04:38]} 27. Be5 {[%clk 0:34:13]} f6 {[%clk 0:05:02]} 28. Bc3
{[%clk 0:33:20]} Nd6 {[%clk 0:04:35]} 29. Bxf6 {[%clk 0:30:46]} Nxb5
{[%clk 0:05:00]} 30. Bxe7+ {[%clk 0:31:00]} Kxe7 {[%clk 0:05:29]} 31. Nxb5
{[%clk 0:30:17]} Rxa4 {[%clk 0:04:21]} 32. Nc3 {[%clk 0:30:40]} Ra6
{[%clk 0:01:48]} 33. Nd5+ {[%clk 0:30:43]} Kf7 {[%clk 0:01:41]} 34. Nc7
{[%clk 0:29:46]} Ra7 {[%clk 0:02:10]} 35. Nb5 {[%clk 0:22:18]} Ra8
{[%clk 0:01:23]} 36. Rd6 {[%clk 0:20:37]} Ra1+ {[%clk 0:00:39]} 37. Kg2
{[%clk 0:21:05]} Rb1 {[%clk 0:00:37]} 38. Rxb6 {[%clk 0:19:35]} Ke7
{[%clk 0:00:33]} 39. Nc3 {[%clk 0:13:36]} Rc1 {[%clk 0:00:55]} 40. Rxh6
{[%clk 0:42:58]} Ne6 {[%clk 0:30:48]} 41. h4 {[%clk 0:41:05]} Rc2
{[%clk 0:22:17]} 42. Na4 {[%clk 0:32:15]} gxh4 {[%clk 0:20:34]} 43. Rxh4
{[%clk 0:30:21]} Kf6 {[%clk 0:20:19]} 44. Nb6 {[%clk 0:23:55]} Rxb2
{[%clk 0:20:32]} 45. Nxc4 {[%clk 0:24:11]} Rc2 {[%clk 0:19:56]} 46. Nb6
{[%clk 0:22:28]} Ke5 {[%clk 0:19:06]} 47. Ra4 {[%clk 0:18:14]} Kd6
{[%clk 0:17:04]} 48. Nc4+ {[%clk 0:12:55]} Ke7 {[%clk 0:12:33]} 49. g4
{[%clk 0:11:47]} Ng5 {[%clk 0:12:35]} 50. Na5 {[%clk 0:09:30]} Kd6
{[%clk 0:11:02]} 51. Rf4 {[%clk 0:07:11]} Ne6 {[%clk 0:09:46]} 52. Nc4+
{[%clk 0:06:14]} Kd5 {[%clk 0:08:47]} 53. Nb6+ {[%clk 0:06:20]} Kd6
{[%clk 0:09:06]} 54. Ra4 {[%clk 0:04:12]} Kc6 {[%clk 0:05:36]} 55. Re4
{[%clk 0:03:41]} Kd6 {[%clk 0:03:09]} 56. Nc4+ {[%clk 0:03:52]} Ke7
{[%clk 0:03:14]} 57. Kg3 {[%clk 0:03:59]} Kf6 {[%clk 0:02:55]} 58. f4
{[%clk 0:04:16]} Nc7 {[%clk 0:03:02]} 59. g5+ {[%clk 0:03:49]} Kg6
{[%clk 0:03:14]} 60. Nb6 {[%clk 0:03:08]} Nb5 {[%clk 0:02:38]} 61. Rc4
{[%clk 0:02:42]} Na3 {[%clk 0:01:03]} 62. Rxc2 {[%clk 0:02:50]} Nxc2
{[%clk 0:01:32]} 63. e4 {[%clk 0:02:01]} Na3 {[%clk 0:00:54]} 64. Kg4
{[%clk 0:02:07]} c4 {[%clk 0:01:20]} 65. f5+ {[%clk 0:02:05]} Kg7
{[%clk 0:01:28]} 66. Nd5 {[%clk 0:01:59]} Nb5 {[%clk 0:01:45]} 67. e5
{[%clk 0:01:29]} c3 {[%clk 0:02:01]} 68. Ne3 {[%clk 0:01:46]} Nd4
{[%clk 0:00:36]} 69. e6 {[%clk 0:01:32]} Kf8 {[%clk 0:00:37]} 70. g6
{[%clk 0:01:17]} c2 {[%clk 0:00:35]} 71. Nxc2 {[%clk 0:01:37]} Nxc2
{[%clk 0:01:03]} 72. f6 {[%clk 0:01:27]} Ne3+ {[%clk 0:01:23]} 73. Kf4
{[%clk 0:01:16]} Ng2+ {[%clk 0:01:13]} 74. Kg5 {[%clk 0:01:13]} Ne3
{[%clk 0:01:34]} 75. g7+ {[%clk 0:01:26]} Kg8 {[%clk 0:01:58]} 76. e7
{[%clk 0:01:49]} Kf7 {[%clk 0:02:25]} 77. g8=Q+ {[%clk 0:02:04]} 1-0

[Event "WYCC Girls U18"]
[Site "Porto Carras"]
[Date "2015.10.31"]
[Round "6.3"]
[White "Khomeriki, Nino"]
[Black "Derakhshani, Dorsa"]
[Result "1-0"]
[BlackElo "2356"]
[WhiteElo "2295"]
[LiveChessVersion "1.4.6"]

1. Nf3 {[%clk 1:28:58]} f5 {[%clk 1:30:51]} 2. d3 {[%clk 1:23:56]} d6
{[%clk 1:30:47]} 3. c4 {[%clk 1:16:19]} g6 {[%clk 1:28:43]} 4. Nc3
{[%clk 1:14:06]} Bg7 {[%clk 1:27:29]} 5. g3 {[%clk 1:13:07]} Nf6 {[%clk 1:25:44]}
6. Bg2 {[%clk 1:13:28]} O-O {[%clk 1:25:20]} 7. O-O {[%clk 1:10:56]} e5
{[%clk 1:25:45]} 8. Rb1 {[%clk 1:10:46]} h6 {[%clk 1:25:41]} 9. b4
{[%clk 1:08:56]} g5 {[%clk 1:25:40]} 10. c5 {[%clk 0:59:50]} Nc6 {[%clk 1:21:20]}
11. b5 {[%clk 0:49:59]} Ne7 {[%clk 1:20:28]} 12. Qb3+ {[%clk 0:48:55]} Kh8
{[%clk 1:19:45]} 13. Ba3 {[%clk 0:47:11]} Ng6 {[%clk 1:12:40]} 14. cxd6
{[%clk 0:40:04]} cxd6 {[%clk 1:13:08]} 15. b6 {[%clk 0:40:19]} a6
{[%clk 1:10:39]} 16. Nd2 {[%clk 0:40:24]} Rg8 {[%clk 1:05:01]} 17. Qf7
{[%clk 0:35:21]} Ne7 {[%clk 0:48:40]} 18. Nc4 {[%clk 0:31:33]} Ne8
{[%clk 0:41:31]} 19. Nd5 {[%clk 0:30:42]} Nc6 {[%clk 0:39:34]} 20. e3
{[%clk 0:24:59]} Kh7 {[%clk 0:32:14]} 21. Nc7 {[%clk 0:21:05]} Rf8
{[%clk 0:19:09]} 22. Qd5 {[%clk 0:20:25]} Nxc7 {[%clk 0:18:45]} 23. bxc7
{[%clk 0:20:50]} Qxc7 {[%clk 0:18:04]} 24. Bxd6 {[%clk 0:21:05]} Qd8
{[%clk 0:14:28]} 25. Bxf8 {[%clk 0:21:08]} Qxf8 {[%clk 0:14:48]} 26. Nb6
{[%clk 0:20:58]} Rb8 {[%clk 0:14:20]} 27. Nxc8 {[%clk 0:19:15]} Qxc8
{[%clk 0:14:48]} 28. Rfc1 {[%clk 0:19:30]} Qe8 {[%clk 0:14:39]} 29. Qd6
{[%clk 0:18:35]} Rd8 {[%clk 0:07:48]} 30. Bxc6 {[%clk 0:18:18]} bxc6
{[%clk 0:08:12]} 31. Qxc6 {[%clk 0:18:45]} Qh5 {[%clk 0:08:04]} 32. Rb7
{[%clk 0:18:30]} Rg8 {[%clk 0:08:10]} 33. Qe6 {[%clk 0:17:49]} Qf3
{[%clk 0:05:16]} 34. Rf7 {[%clk 0:17:46]} f4 {[%clk 0:05:40]} 35. Qxe5
{[%clk 0:17:08]} Kh8 {[%clk 0:02:15]} 36. Rxg7 {[%clk 0:17:21]} Rxg7
{[%clk 0:02:39]} 37. Rc8+ {[%clk 0:17:47]} 1-0

[Event "WYCC Girls U18"]
[Site "Porto Carras"]
[Date "2015.10.31"]
[Round "6.4"]
[White "Wozniak, Mariola"]
[Black "Blagojevic, Tijana"]
[Result "1/2-1/2"]
[BlackElo "2315"]
[WhiteElo "2211"]
[LiveChessVersion "1.4.6"]

1. f4 {[%clk 1:30:58]} e5 {[%clk 1:27:51]} 2. fxe5 {[%clk 1:31:20]} d6
{[%clk 1:28:17]} 3. exd6 {[%clk 1:31:38]} Bxd6 {[%clk 1:28:40]} 4. Nf3
{[%clk 1:31:43]} g5 {[%clk 1:27:34]} 5. g3 {[%clk 1:31:52]} g4 {[%clk 1:27:13]}
6. Nh4 {[%clk 1:32:16]} Ne7 {[%clk 1:26:49]} 7. e4 {[%clk 1:32:02]} Ng6
{[%clk 1:23:25]} 8. Nf5 {[%clk 1:31:52]} Bxf5 {[%clk 1:16:41]} 9. exf5
{[%clk 1:32:16]} Ne5 {[%clk 1:16:25]} 10. Bg2 {[%clk 1:23:44]} Nbc6
{[%clk 1:15:50]} 11. O-O {[%clk 1:21:36]} Qf6 {[%clk 1:12:11]} 12. Nc3
{[%clk 1:19:31]} h5 {[%clk 1:07:46]} 13. Ne4 {[%clk 1:18:42]} Qg7
{[%clk 1:02:30]} 14. d4 {[%clk 1:13:55]} Nd7 {[%clk 0:38:51]} 15. Nxd6+
{[%clk 0:59:11]} cxd6 {[%clk 0:39:20]} 16. Qe2+ {[%clk 0:59:24]} Kd8
{[%clk 0:38:17]} 17. f6 {[%clk 0:54:38]} Nxf6 {[%clk 0:37:51]} 18. Qb5
{[%clk 0:54:54]} Kc7 {[%clk 0:37:33]} 19. Bd2 {[%clk 0:48:13]} Nd7
{[%clk 0:31:45]} 20. Ba5+ {[%clk 0:45:14]} Nb6 {[%clk 0:32:14]} 21. Qc4
{[%clk 0:41:30]} Rhf8 {[%clk 0:31:49]} 22. c3 {[%clk 0:38:34]} Kd7
{[%clk 0:30:29]} 23. Bxc6+ {[%clk 0:32:52]} bxc6 {[%clk 0:30:59]} 24. Bxb6
{[%clk 0:32:07]} axb6 {[%clk 0:31:28]} 25. d5 {[%clk 0:32:29]} Rac8
{[%clk 0:24:35]} 26. Rae1 {[%clk 0:31:35]} Qg5 {[%clk 0:17:51]} 27. dxc6+
{[%clk 0:30:22]} Kc7 {[%clk 0:18:13]} 28. b4 {[%clk 0:24:11]} b5 {[%clk 0:17:29]}
29. Rxf7+ {[%clk 0:22:37]} Rxf7 {[%clk 0:17:14]} 30. Qxf7+ {[%clk 0:23:00]} Kxc6
{[%clk 0:17:43]} 31. c4 {[%clk 0:22:41]} Qd2 {[%clk 0:17:50]} 32. cxb5+ Kb6 33.
Qe7 {[%clk 0:17:23]} Qd4+ {[%clk 0:16:25]} 34. Kh1 {[%clk 0:17:10]} Qd5+
{[%clk 0:16:48]} 35. Kg1 {[%clk 0:17:27]} Qd4+ {[%clk 0:17:09]} 36. Kh1
{[%clk 0:15:59]} Qd5+ {[%clk 0:17:28]} 37. Kg1 1/2-1/2